Government documents and reference services

Bibliographic Details
Other Authors: Kinder, Robin
Format: Book
Published: New York : The Haworth Press , 1991
Subjects:

MARC

LEADER 00000cam a2200000 7i4500
001 0000002002
002 000002183
005 20000330.0
020 |a 1560241365 
090 0 0 |a 025.52   |b GOV 
245 0 0 |a Government documents and reference services   |c editedd by Robin Kinder 
260 |a New York :   |b The Haworth Press ,   |c 1991 
300 |a 288p ;   |c 22 cm. 
650 0 0 |a Libraries, depository   |x Reference services 
650 0 0 |a Libraries   |x Special collections   |x Government publictions 
700 1 |a Kinder, Robin 
999 |a 033759   |b BUKU   |c RUJUKAN   |e PERPUSTAKAAN KOMUNITI PETALING JAYA